Largest Countries of the World A to Z - Statistics

General Stats
  • This quiz has been taken 96 times
  • The average score is 19 of 24
Answer Stats
Hint Answer % Correct
C Canada
99%
B Brazil
98%
A Australia
94%
R Russia
93%
Q Qatar
91%
Y Yemen
91%
O Oman
90%
Z Zambia
90%
U USA
89%
F France
88%
I India
88%
K Kazakhstan
88%
J Japan
83%
V Venezuela
80%
G Germany
77%
M Mexico
75%
H Honduras
73%
N Niger
69%
E Ethiopia
63%
P Peru
63%
L Libya
59%
S Saudi Arabia
53%
T Tanzania
52%
D Dominican Republic
43%
No matching quizzes found
Score Distribution
Percent of People with Each Score
Percentile by Number Answered
Your Score History
You have not taken this quiz